| 000 | 01406cam a2200337 a 4500 | ||
|---|---|---|---|
| 999 |
_c58740 _d58740 |
||
| 001 | 22340269 | ||
| 005 | 20220712115907.0 | ||
| 006 | m |o d | | ||
| 007 | cr ||||||||||| | ||
| 008 | 090123s2009 nyu o 001 0 eng | ||
| 010 | _a 2020754555 | ||
| 020 |
_a9780071626071 _qebook |
||
| 020 | _z9780071621311 (alk. paper) | ||
| 040 |
_aDLC _beng _epn _cDLC |
||
| 050 | 0 | 0 | _aQC33 |
| 080 | _a53 S-60 | ||
| 100 | 1 |
_aSilver, Jerry. _914372 |
|
| 245 | 1 | 0 |
_a125 physics projects for the evil genius / _cJerry Silver. |
| 246 | 3 | 0 | _aOne hunered twenty-five projects for the evil genius |
| 260 |
_aNew York : _bMcGraw-Hill, _cc2009. |
||
| 300 | _a1 online resource (xii, 340 p.) | ||
| 500 | _aIncludes index. | ||
| 505 | 0 | _aMotion -- Going around in circles -- Gravity -- Force and Newton's laws -- Energy/momentum -- Sound and waves -- Light -- Hot and cold -- Electricity and magnetism -- The Earth -- The twentieth century. | |
| 588 | _aDescription based on print version record and CIP data provided by publisher; resource not viewed. | ||
| 650 | 0 |
_aPhysics _xExperiments. _914373 |
|
| 650 | 0 |
_aფიზიკა _914370 |
|
| 776 | 0 | 8 |
_iPrint version: _t125 physics projects for the evil genius _dNew York : McGraw-Hill, c2009. _z9780071621311 (alk. paper) _w(DLC) 2009002373 |
| 906 |
_a0 _bcbc _corigcop _d1 _eecip _f20 _gy-gencatlg |
||
| 942 |
_2udc _cBK |
||
| 955 | _becip ebook 2021-12-09 | ||